Detalles MARC
| 000 -CABECERA |
| campo de control de longitud fija |
00942cam a2200229 a 4500 |
| 001 - NÚMERO DE CONTROL |
| campo de control |
000009613 |
| 005 - FECHA Y HORA DE LA ÚLTIMA TRANSACCIÓN |
| campo de control |
20200929161637.0 |
| 008 - DATOS DE LONGITUD FIJA--INFORMACIÓN GENERAL |
| campo de control de longitud fija |
770223s1956 ve a 001 j spa |
| 040 ## - FUENTE DE LA CATALOGACIÓN |
| Centro catalogador/agencia de origen |
DO-SdBNP |
| Centro/agencia transcriptor |
MWelC |
| Centro/agencia modificador |
DLC |
| 042 ## - CÓDIGO DE AUTENTICACIÓN |
| Código de autenticación |
premarc |
| 082 ## - NÚMERO DE LA CLASIFICACIÓN DECIMAL DEWEY |
| Número de clasificación |
863.62 |
| Número de documento/Ítem |
M357h |
| 100 1# - ENTRADA PRINCIPAL--NOMBRE DE PERSONA |
| Nombre de persona |
Márquez Salas, Antonio, |
| Fechas asociadas al nombre |
1919- |
| 9 (RLIN) |
24464 |
| 245 14 - MENCIÓN DE TÍTULO |
| Título |
Las hormigas viajan de noche : |
| Resto del título |
cuentos / |
| Mención de responsabilidad, etc. |
Antonio Márquez Salas. |
| 260 ## - PUBLICACIÓN, DISTRIBUCIÓN, ETC. |
| Lugar de publicación, distribución, etc. |
Caracas, : |
| Nombre del editor, distribuidor, etc. |
Cuadernos literarios de la "Asociación de Escritores Venezolanos, |
| Fecha de publicación, distribución, etc. |
1956. |
| 300 ## - DESCRIPCIÓN FÍSICA |
| Extensión |
74 p. : |
| Otras características físicas |
il. ; |
| Dimensiones |
16 cm. |
| 490 1# - MENCIÓN DE SERIE |
| Mención de serie |
Cuadernos literarios de la "Asociación de Escritores Venezolanos |
| Designación de volumen o secuencia |
90 |
| 505 0# - NOTA DE CONTENIDO CON FORMATO |
| Nota de contenido con formato |
Una mujer y la muerte.--Cachupo.--!Como Dios!--Hacia los bellos dias.--El hilo.--Torbellino. |
| 650 #4 - PUNTO DE ACCESO ADICIONAL DE MATERIA--TÉRMINO DE MATERIA |
| Término de materia o nombre geográfico como elemento de entrada |
Cuento español |
| 9 (RLIN) |
24222 |
| 650 #4 - PUNTO DE ACCESO ADICIONAL DE MATERIA--TÉRMINO DE MATERIA |
| Término de materia o nombre geográfico como elemento de entrada |
Literatura española |
| 9 (RLIN) |
632 |
| 830 #0 - PUNTO DE ACCESO ADICIONAL DE SERIE-TÍTULO UNIFORME |
| Título uniforme |
Cuadernos literarios de la "Asociación de Escritores Venezolanos ; |
| Designación de volumen o secuencia |
90 |
| 9 (RLIN) |
6734 |
| 910 ## - DATOS DE OPCIÓN DEL USUARIO (OCLC) |
| Datos de opción del usuario |
Catalogación por copia / LC |